000 00522nam a22001932 4500
001 0000006301
005 20170406121408.0
008 160630s xx 000 0 eng d
020 _c$
040 _aYour Holding Symbol
_cYour Holding Symbol
100 1 _aDaly J.Robert.
245 1 4 _aThe origins o the christian doctrin of sacrifice.
250 _a ed.
260 _alondon :
_bDarton,
_c1978.
300 _a152 p. ;
_c cm.
504 _aindex.
650 0 _achristian doctrine.
908 _a160630
999 _c6046
_d6046